Statistics for Inspector Gadget Franchise

Click here to take the quiz!

General Stats

  • This quiz has been taken 10 times
  • The average score is 6 of 20

Answer Stats

TypeYearNameInfo% Correct
TV Show1983-1986Inspector GadgetSyndicated
100%
Film1999Inspector GadgetDisney
100%
Comic Book2011Inspector GadgetDale Mettam
100%
TV Show2015-2018Inspector GadgetTeletoon / Family Channel / Boomerang
100%
Video Game1993Inspector GadgetHudson
100%
Film2003Inspector Gadget 2Disney
83%
TV Show2002-2003Gadget & the GadgetinisFox Kids
17%
Video Game2004Gadget & the GadgetinisHip Games
17%
TV Show1996-1998Inspector Gadget's Field TripThe History Channel
17%
TV Show1995-1998Gadget Boy & HeatherM6 / The History Channel
0%
Video Game2001Inspector Gadget: Advance MissionDreamCatcher Interactive
0%
Video Game1987Inspector Gadget and the Circus of FearMelbourne House
0%
Video Game2001Inspector Gadget: Gadget's Crazy MazeUbi Soft
0%
Film2000Inspector Gadget: Gadget's Greatest GadgetBuena Vista
0%
Video Game2003Inspector Gadget: Mad Robots InvasionLSP
0%
Video Game1992Inspector Gadget: Mission 1 - Global Terror!Azeroth, Inc.
0%
Video Game2000Inspector Gadget: Operation MadkactusUbi Soft
0%
Film2005Inspector Gadget's Biggest Caper EverBBC / Divisa / Lions Gate
0%
TV Film2002Inspector Gadget's Last Case: Claw's RevengeNickelodeon
0%
Video Game2010Inspector Gadget's M.A.D DashXMG Studio Inc.
0%

Score Distribution

Percentile by Number Answered

Percent of People with Each Score

Your Score History

You have not taken this quiz